Investment Science /
Contenido: 1) Introducción; I) Flujo de efectivo determinístico: 2) La teoría básica del interés; 3) Valores de ingreso fijo; 4) La estructura del plazo de las tasas de interés; 5) Análisis de la tasa de interés aplicadas; II) Flujo de efectivo aleatorio de período simple: 6) Teoría de cartera de me...
Guardado en:
| Hovedforfatter: | |
|---|---|
| Format: | Bog |
| Sprog: | engelsk |
| Udgivet: |
Nueva York, EUA :
Oxford University,
2014, c2014
|
| Udgivelse: | 2a edición |
| Fag: | |
| Tags: |
Ingen Tags, Vær først til at tagge denne postø!
|
MARC
| LEADER | 00000nam^a2200000^a^4500 | ||
|---|---|---|---|
| 001 | 000387081 | ||
| 005 | 20250521000000.0 | ||
| 009 | 20260310121017.253 | ||
| 020 | |a 978-0-19-974008-6 | ||
| 037 | |a Acervo ITESO - Biblioteca | ||
| 041 | |a ING | ||
| 082 | |a 332. 6 |b LUE | ||
| 100 | |a Luenberger, David G. |e (autor) | ||
| 245 | 1 | 0 | |a Investment Science / |c D.G. Luenberger. |
| 250 | |a 2a edición | ||
| 264 | 4 | |a Nueva York, EUA : |b Oxford University, |c 2014, c2014 | |
| 300 | |a XXIII, 604 p. | ||
| 336 | |a texto |b txt |2 rdacontenido | ||
| 337 | |a sin mediación |b n |2 rdamedio | ||
| 338 | |a volumen |b nc |2 rdasoporte | ||
| 520 | |a Contenido: 1) Introducción; I) Flujo de efectivo determinístico: 2) La teoría básica del interés; 3) Valores de ingreso fijo; 4) La estructura del plazo de las tasas de interés; 5) Análisis de la tasa de interés aplicadas; II) Flujo de efectivo aleatorio de período simple: 6) Teoría de cartera de media varianza; 7) El modelo de tasación de activos de capital; 8) Otros modelos de tasación; 9) Datos y estadísticas; 10) Medidas de riesgo; 11) Principios generales; III) Valores derivativos: 12) Siguientes, futuros y permutas; 13) Modelos de activos dinámicos; 14) Teoría de opciones básicas; 15) Tópicos de opciones adicionales; 16) Tasas de interés derivativas; 17) Riesgo de crédito; IV) Corrientes generales de flujo de efectivo: 18) Crecimiento óptimo del portafolio; 19) Evaluación de inversión general. | ||
| 521 | |a 2016 BO Licenciatura en Ingeniería Financiera | ||
| 649 | |a XX | ||
| 650 | |a Dinero | ||
| 650 | |a Varianza | ||
| 650 | |a Interés (Economía) | ||
| 650 | |a Inversiones - |x Tema Principal | ||
| 650 | |a Especulación (Economía) | ||
| 650 | |a Análisis Económico | ||
| 650 | |a Finanzas | ||
| 650 | |a Economía | ||
| 910 | |a Fondo General | ||
| 920 | |a Impresos - Libros | ||
| 930 | |a Colección General | ||
| 905 | |a 101 | ||
| 901 | |a 0500281633 |b IT1 |c ACC |i C152937 |u 20250521 | ||
| 901 | |a 0500281636 |b IT1 |c ACC |i C152938 |u 20250521 | ||
| 901 | |a 0500284428 |b IT1 |c ACC |i C154061 |u 20250521 | ||
| 902 | |a https://opac.biblio.iteso.mx/vufind/Record/000387081 | ||